Tóm tắt kiến thức vật lí trung học phổ thông

Đã lưu trong:
Bibliografiske detaljer
Format: Bog
Sprog:Undetermined
Udgivet: Hà Nội Giáo dục 2013
Fag:
Tags: Tilføj Tag
Ingen Tags, Vær først til at tagge denne postø!
Thư viện lưu trữ: Trung tâm Học liệu Trường Đại học Cần Thơ
LEADER 00590nam a2200193Ia 4500
001 CTU_183893
008 210402s9999 xx 000 0 und d
020 |c 7000 
082 |a 530.0712 
082 |b T430 
245 0 |a Tóm tắt kiến thức vật lí trung học phổ thông 
245 0 |c Lã Quang Trung 
260 |a Hà Nội 
260 |b Giáo dục 
260 |c 2013 
650 |a Physics,Vật lý 
650 |x Study and teaching (Sacondary),Dạy và học (trung học) 
904 |i Hải 
980 |a Trung tâm Học liệu Trường Đại học Cần Thơ